00325 a2200121 4500001000700000020001800007040001100025100002900036240006400065245005900129300000600188362000900194186004 a85-7244-056-4 cMagnum aRodrigues, Arlete Moyses10aRepensando a geografia: a geografia das lutas no campolpor10aRepensando a geografia: a geografia das lutas no campo a 0 a2001